[Event "Tenerife-chT Preferente"]
[Site "Tenerife"]
[Date "2023.03.18"]
[Round "8.2"]
[White "Perez Perez, Gabriel"]
[Black "Guillermo Gonzalez, Alvaro"]
[Result "1/2-1/2"]
[WhiteElo "2188"]
[BlackElo "2203"]
[PlyCount "45"]
[EventDate "2023.01.14"]
[EventType "team-tourn"]
[EventRounds "14"]
[EventCountry "ESP"]
[SourceTitle "EXT 2024"]
[Source "ChessBase"]
[SourceDate "2023.10.10"]
[SourceVersion "1"]
[SourceVersionDate "2023.10.10"]
[SourceQuality "1"]
[WhiteTeam "Ebano Barrio Nuevo"]
[BlackTeam "Canarias 64"]
[WhiteTeamCountry "ESP"]
[BlackTeamCountry "ESP"]

1. d4 Nf6 2. c4 g6 3. Nc3 d5 4. Nf3 Bg7 5. Bf4 0-0 6. e3 c5 7. dxc5 Ne4 8. Be5 Bxe5 9. Nxe5 Nxc3 10. bxc3 Qa5 11. Qb3 Nc6 12. Nxc6 bxc6 13. Qb4 Qc7 14. Be2 Rb8 15. Qa3 Be6 16. cxd5 cxd5 17. Ba6 Bc8 18. Be2 Bd7 19. c4 dxc4 20. Bxc4 Bb5 21. Bxb5 Rxb5 22. Rc1 Ra5 23. Qb3 1/2-1/2

[Event "ESP-ch U18"]
[Site "Salobrena"]
[Date "2022.08.02"]
[Round "3"]
[White "De Pedro Cuadrado, Marcos"]
[Black "Guillermo Gonzalez, Alvaro"]
[Result "1-0"]
[WhiteElo "2012"]
[BlackElo "2158"]
[PlyCount "57"]
[EventDate "2022.08.01"]
[EventType "swiss"]
[EventRounds "9"]
[EventCountry "ESP"]
[SourceTitle "EXT 2023"]
[Source "ChessBase"]
[SourceDate "2022.10.05"]
[SourceVersion "1"]
[SourceVersionDate "2022.10.05"]
[SourceQuality "1"]

1. e4 c5 2. Nf3 d6 3. d4 cxd4 4. Nxd4 Nf6 5. Nc3 a6 6. Rg1 e6 7. g4 d5 8. exd5 Nxd5 9. Nxd5 Qxd5 10. Bg2 Qa5+ 11. Bd2 Qc7 12. Bc3 Be7 13. Qe2 0-0 14. 0-0-0 Bf6 15. g5 Bxg5+ 16. Kb1 e5 17. Be4 Bf6 18. Qf3 Kh8 19. Nf5 Rg8 20. Nd6 Be6 21. Bxh7 Rd8 22. Qh5 Rxd6 23. Be4+ Kg8 24. Qh7+ Kf8 25. Bb4 Bxa2+ 26. Kxa2 Qc4+ 27. Ka3 Nc6 28. Bxd6+ Ke8 29. Bxc6+ 1-0

[Event "La Roda op 47th"]
[Site "La Roda"]
[Date "2021.12.05"]
[Round "3"]
[White "Forgas Moreno, Yaniela"]
[Black "Guillermo Gonzalez, Alvaro"]
[Result "0-1"]
[WhiteElo "2310"]
[BlackElo "2110"]
[PlyCount "88"]
[EventDate "2021.12.04"]
[EventType "swiss"]
[EventRounds "9"]
[EventCountry "ESP"]
[SourceTitle "CBM 205 Extra"]
[Source "ChessBase"]
[SourceDate "2022.01.31"]
[SourceVersion "1"]
[SourceVersionDate "2022.01.31"]
[SourceQuality "1"]

1. e4 c5 2. Nf3 d6 3. d4 cxd4 4. Nxd4 Nf6 5. Nc3 a6 6. Be2 e6 7. 0-0 Be7 8. f4 Qc7 9. Be3 0-0 10. Qe1 b5 11. a3 Bb7 12. Bf3 Nbd7 13. Kh1 Rfe8 14. Bd2 Rad8 15. g4 d5 16. exd5 exd5 17. Nce2 Bc5 18. Qh4 Ne4 19. Bc1 Qb6 20. c3 a5 21. Nc2 b4 22. axb4 axb4 23. Nxb4 Bxb4 24. cxb4 d4 25. Ra3 Qxb4 26. Ra7 Ndc5 27. Ng3 Qb6 28. Rxb7 Qxb7 29. Nf5 Qa6 30. Kg2 Qf6 31. Qe1 Nd6 32. Qa5 Nxf5 33. Qxc5 Ne3+ 34. Bxe3 dxe3 35. Kg3 Qxb2 36. Bc6 e2 37. Re1 Qd2 38. Qf2 Re3+ 39. Kg2 Rd6 40. Bf3 Rde6 41. f5 R6e5 42. f6 gxf6 43. Qh4 Kg7 44. Kf2 Qxe1+ 0-1

[Event "San Cristobal de La Laguna op 3rd"]
[Site "San Cristobal de La Laguna"]
[Date "2021.09.04"]
[Round "9"]
[White "Milliet, Sophie"]
[Black "Guillermo Gonzalez, Alvaro"]
[Result "1-0"]
[WhiteElo "2407"]
[BlackElo "2060"]
[PlyCount "75"]
[EventDate "2021.08.28"]
[EventType "swiss"]
[EventRounds "9"]
[EventCountry "ESP"]
[SourceTitle "CBM 204 Extra"]
[Source "ChessBase"]
[SourceDate "2021.11.30"]
[SourceVersion "1"]
[SourceVersionDate "2021.11.30"]
[SourceQuality "1"]

1. e4 c5 2. Nf3 d6 3. Bb5+ Nd7 4. 0-0 a6 5. Bd3 Ngf6 6. Re1 e6 7. c3 b5 8. Bc2 Bb7 9. d4 Be7 10. Nbd2 Rc8 11. e5 dxe5 12. dxe5 Nd5 13. Ne4 h6 14. Ng3 Qc7 15. Qe2 N7b6 16. h3 Rd8 17. Nh2 Kd7 18. Bd2 Kc8 19. b3 g5 20. Nh5 Rd7 21. a4 bxa4 22. bxa4 Rhd8 23. a5 Na8 24. Ba4 Bf8 25. Red1 Re7 26. Ng4 c4 27. Be1 Qc5 28. Rd4 Rc7 29. Qa2 Nf4 30. Nxf4 gxf4 31. Rxd8+ Kxd8 32. Qd2+ Bd5 33. Qxf4 Kc8 34. Nxh6 Bxh6 35. Qxh6 Be4 36. Ra2 Kb7 37. Rb2+ Ka7 38. Bd2 1-0

[Event "ESP-ch U18"]
[Site "Salobrena"]
[Date "2021.07.28"]
[Round "4"]
[White "Guillermo Gonzalez, Alvaro"]
[Black "Alonso Garcia, Aaron"]
[Result "0-1"]
[WhiteElo "2118"]
[BlackElo "2363"]
[PlyCount "64"]
[EventDate "2021.07.26"]
[EventType "swiss"]
[EventRounds "9"]
[EventCountry "ESP"]
[SourceTitle "CBM 203 Extra"]
[Source "ChessBase"]
[SourceDate "2021.09.30"]
[SourceVersion "1"]
[SourceVersionDate "2021.09.30"]
[SourceQuality "1"]

1. e4 e6 2. d4 d5 3. Nd2 Nf6 4. e5 Nfd7 5. c3 c5 6. Bd3 Nc6 7. Ngf3 cxd4 8. cxd4 Qb6 9. 0-0 Nxd4 10. Nxd4 Qxd4 11. Nf3 Qb6 12. Qa4 Be7 13. Qg4 g6 14. Bg5 Qb4 15. Qg3 h5 16. Bxe7 Qxe7 17. h4 Nc5 18. Bc2 Bd7 19. b4 Na4 20. Qf4 Rc8 21. Bd3 Rc3 22. Rad1 Nb2 23. Qd4 Nxd1 24. Rxd1 Rc8 25. Qxa7 Qxb4 26. Rb1 Qc3 27. Rxb7 Qxd3 28. Rxd7 0-0 29. Qa4 Rc4 30. Qa5 Rc1+ 31. Kh2 Qe4 32. Qa3 Rc2 0-1

[Event "ESP-ch U18"]
[Site "Salobrena"]
[Date "2021.07.26"]
[Round "2"]
[White "Guillermo Gonzalez, Alvaro"]
[Black "Canavate Ros, Adrian"]
[Result "1-0"]
[WhiteElo "2118"]
[BlackElo "1849"]
[PlyCount "109"]
[EventDate "2021.07.26"]
[EventType "swiss"]
[EventRounds "9"]
[EventCountry "ESP"]
[SourceTitle "CBM 203 Extra"]
[Source "ChessBase"]
[SourceDate "2021.09.30"]
[SourceVersion "1"]
[SourceVersionDate "2021.09.30"]
[SourceQuality "1"]

1. e4 c5 2. Nf3 Nc6 3. d4 cxd4 4. Nxd4 Nf6 5. Nc3 e5 6. Ndb5 d6 7. Bg5 a6 8. Na3 b5 9. Bxf6 gxf6 10. Nd5 f5 11. g3 fxe4 12. Bg2 Bg7 13. Bxe4 Be6 14. Qh5 Rc8 15. 0-0 Ne7 16. Nxe7 Qxe7 17. Rad1 b4 18. Nb1 Rc5 19. c3 a5 20. a3 bxa3 21. Nxa3 h6 22. b4 axb4 23. cxb4 Rc8 24. Nb5 d5 25. Bxd5 0-0 26. Bxe6 Qxe6 27. Nd6 Rb8 28. Nf5 Rfd8 29. Qg4 Qf6 30. Rxd8+ Rxd8 31. Rb1 Rb8 32. b5 Rb6 33. Kg2 Kh7 34. Qxg7+ Qxg7 35. Nxg7 Kxg7 36. Kf3 Kf6 37. Ke4 Ke6 38. g4 f6 39. h4 Kd7 40. Kf5 Rd6 41. b6 Kc8 42. b7+ Kb8 43. f3 Rd3 44. Kxf6 Rxf3+ 45. Kxe5 Rh3 46. g5 hxg5 47. hxg5 Rg3 48. Kf6 Rf3+ 49. Kg7 Rg3 50. g6 Rg2 51. Kf7 Rf2+ 52. Kg8 Rg2 53. g7 Rg3 54. Rb6 Rg4 55. Kf7 1-0

[Event "Isla de Tenerife 2nd"]
[Site "Puerto de la Cruz"]
[Date "2021.04.03"]
[Round "5"]
[White "Guillermo Gonzalez, Alvaro"]
[Black "Perez Perez, Gabriel"]
[Result "1-0"]
[WhiteElo "2110"]
[BlackElo "2079"]
[PlyCount "93"]
[EventDate "2021.04.01"]
[EventType "tourn"]
[EventRounds "7"]
[EventCountry "ESP"]
[SourceTitle "EXT 2022"]
[Source "ChessBase"]
[SourceDate "2021.10.06"]
[SourceVersion "1"]
[SourceVersionDate "2021.10.06"]
[SourceQuality "1"]

1. e4 c5 2. Nc3 Nc6 3. Bb5 Nd4 4. Bc4 e6 5. Nge2 a6 6. Nxd4 cxd4 7. Ne2 b5 8. Bd3 Bc5 9. 0-0 Ne7 10. b4 Bxb4 11. Nxd4 d5 12. e5 Bc5 13. Nb3 Bb6 14. Ba3 Nc6 15. Qg4 g6 16. Rfe1 Bc7 17. Bb2 Qe7 18. a4 Qb4 19. Qg5 Bd8 20. Qh6 Qf8 21. Qxf8+ Rxf8 22. axb5 Nb4 23. Ba3 Nxd3 24. cxd3 Rg8 25. Bd6 a5 26. Nc5 Bb6 27. d4 Bd7 28. Reb1 Ra7 29. Ra3 h5 30. Kf1 a4 31. Nxa4 Bxd4 32. b6 Ra5 33. b7 Bb5+ 34. Rxb5 Rxb5 35. b8Q+ Rxb8 36. Bxb8 Kd7 37. Bd6 f6 38. f4 g5 39. Rb3 gxf4 40. Rb7+ Kc6 41. Rc7+ Kb5 42. Nc3+ Kb6 43. Re7 fxe5 44. Rxe6 e4 45. Nxd5+ Kc6 46. Ne7+ Kd7 47. Rxe4 1-0

[Event "ESP-ch U16"]
[Site "Salobrena"]
[Date "2020.08.15"]
[Round "9"]
[White "Perez Guerra, Raul"]
[Black "Guillermo Gonzalez, Alvaro"]
[Result "1-0"]
[WhiteElo "2143"]
[BlackElo "2106"]
[PlyCount "107"]
[EventDate "2020.08.10"]
[EventType "swiss"]
[EventRounds "9"]
[EventCountry "ESP"]
[SourceTitle "EXT 2021"]
[Source "ChessBase"]
[SourceDate "2020.10.23"]
[SourceVersion "1"]
[SourceVersionDate "2020.10.23"]
[SourceQuality "1"]

1. e4 c5 2. Nc3 Nc6 3. g3 g6 4. Bg2 Bg7 5. d3 e6 6. Be3 d6 7. Qd2 Qa5 8. Nh3 Nd4 9. 0-0 Bd7 10. Rae1 h5 11. f4 0-0-0 12. a3 Qc7 13. Ne2 Nxe2+ 14. Qxe2 Nh6 15. Nf2 Bc6 16. b4 b6 17. Rb1 f5 18. Rfd1 fxe4 19. dxe4 Nf7 20. Bh3 Rhe8 21. Qc4 Bd7 22. bxc5 dxc5 23. e5 Kb8 24. Ne4 Bc6 25. Rxd8+ Nxd8 26. Nxc5 Ka8 27. Nxe6 Nxe6 28. Bxe6 Rd8 29. Qa6 Kb8 30. Qe2 g5 31. Rd1 Re8 32. Bd5 h4 33. Qc4 Bd7 34. Qxc7+ Kxc7 35. Kf2 Bf5 36. Rd4 Rh8 37. Rc4+ Kb8 38. Kg2 hxg3 39. hxg3 Bh3+ 40. Kg1 Rd8 41. Bf3 Be6 42. Rc6 Bf5 43. Kf2 Rh8 44. Bg2 Rh2 45. Rd6 Bh3 46. Rd8+ Kc7 47. Rg8 Bxe5 48. fxe5 g4 49. Rg7+ Kd8 50. Bg5+ Ke8 51. e6 Rxg2+ 52. Ke1 Rg1+ 53. Kd2 Rg2+ 54. Kc1 1-0

[Event "ESP-ch U16"]
[Site "Salobrena"]
[Date "2020.08.13"]
[Round "6"]
[White "Garrido Outon, Alex"]
[Black "Guillermo Gonzalez, Alvaro"]
[Result "1-0"]
[WhiteElo "2339"]
[BlackElo "2106"]
[PlyCount "73"]
[EventDate "2020.08.10"]
[EventType "swiss"]
[EventRounds "9"]
[EventCountry "ESP"]
[SourceTitle "EXT 2021"]
[Source "ChessBase"]
[SourceDate "2020.10.23"]
[SourceVersion "1"]
[SourceVersionDate "2020.10.23"]
[SourceQuality "1"]

1. e4 c5 2. Nf3 d6 3. d4 cxd4 4. Nxd4 Nf6 5. Nc3 a6 6. Bg5 e6 7. f4 Be7 8. Qf3 Qc7 9. 0-0-0 Nbd7 10. g4 b5 11. Bxf6 Nxf6 12. g5 Nd7 13. f5 Bxg5+ 14. Kb1 Ne5 15. Qh5 Qe7 16. Nxe6 Bxe6 17. fxe6 g6 18. exf7+ Kxf7 19. Qh3 Kg7 20. Be2 Rhf8 21. Nd5 Qd8 22. Rhf1 Ra7 23. Qa3 Rxf1 24. Bxf1 Qb8 25. Qg3 Qd8 26. Qa3 Qb8 27. Qg3 Qd8 28. a4 Rf7 29. Qc3 Qf8 30. Be2 Rf2 31. Nc7 Qe7 32. Rxd6 Rxe2 33. Re6 Qf7 34. Ne8+ Kf8 35. Qxe5 Rd2 36. Nd6 Rxd6 37. Qh8+ 1-0

[Event "ESP-chT CECLUB Div2"]
[Site "Linares"]
[Date "2019.08.19"]
[Round "1.3"]
[White "Guillermo Gonzalez, Alvaro"]
[Black "Fernandez Diaz, Cristian"]
[Result "1/2-1/2"]
[WhiteElo "1992"]
[BlackElo "2303"]
[PlyCount "103"]
[EventDate "2019.08.19"]
[EventType "team-swiss"]
[EventRounds "7"]
[EventCountry "ESP"]
[SourceTitle "EXT 2020"]
[Source "ChessBase"]
[SourceDate "2019.10.17"]
[SourceVersion "1"]
[SourceVersionDate "2019.10.17"]
[SourceQuality "1"]
[WhiteTeam "Fundacion La Caja de Canarias"]
[BlackTeam "Mollet"]
[WhiteTeamCountry "ESP"]
[BlackTeamCountry "ESP"]

1. e4 d6 2. d4 Nf6 3. Nc3 g6 4. Bg5 Bg7 5. Qd2 c6 6. 0-0-0 b5 7. e5 dxe5 8. dxe5 Qxd2+ 9. Rxd2 Ng4 10. f4 h6 11. Bh4 g5 12. fxg5 hxg5 13. Bxg5 Rxh2 14. Rxh2 Nxh2 15. Bd3 Bxe5 16. Re2 f6 17. g3 Ng4 18. Bf4 Nd7 19. Be4 Bb7 20. Nxb5 Nc5 21. Bxe5 cxb5 22. Bxb7 Nxb7 23. Bc3 Nd6 24. Nf3 Kf7 25. Nd4 e5 26. Bb4 Ne8 27. Nxb5 Kg6 28. c4 Ng7 29. Nd6 Ne6 30. Bc3 Rd8 31. Ne4 Rd3 32. Kc2 Rf3 33. b4 Ne3+ 34. Kc1 Nxc4 35. Rf2 Rxf2 36. Nxf2 Nc7 37. Kc2 Kf5 38. Kd3 Nd6 39. Bd2 Ke6 40. Be3 a6 41. Ne4 Nxe4 42. Kxe4 f5+ 43. Kd3 Kd5 44. a4 Ne8 45. b5 axb5 46. axb5 Nd6 47. Ke2 Nxb5 48. Kf2 Ke4 49. Bg5 Kd3 50. g4 f4 51. Bxf4 exf4 52. Kf3 1/2-1/2

[Event "ESP-ch U18"]
[Site "Salobrena"]
[Date "2019.07.22"]
[Round "2"]
[White "Martinez Fernandez, Adrian"]
[Black "Guillermo Gonzalez, Alvaro"]
[Result "1-0"]
[WhiteElo "2311"]
[BlackElo "2031"]
[PlyCount "119"]
[EventDate "2019.07.22"]
[EventType "swiss"]
[EventRounds "9"]
[EventCountry "ESP"]
[SourceTitle "CBM 191 Extra"]
[Source "ChessBase"]
[SourceDate "2019.09.30"]
[SourceVersion "1"]
[SourceVersionDate "2019.09.30"]
[SourceQuality "1"]

1. e4 c5 2. Nf3 d6 3. d4 cxd4 4. Nxd4 Nf6 5. Nc3 a6 6. Nb3 e6 7. g4 b5 8. Bg2 Bb7 9. g5 Nfd7 10. f4 Be7 11. Be3 Qc7 12. 0-0 Nc6 13. Qf3 Nb6 14. Bf2 0-0 15. h4 Rfd8 16. a4 Nxa4 17. Nxa4 bxa4 18. Rxa4 a5 19. Rd1 d5 20. e5 Ba6 21. Nd2 Bb5 22. Raa1 Rac8 23. Nf1 Nb8 24. Rac1 Na6 25. Ng3 Nc5 26. Bd4 Qb7 27. Bh3 Ne4 28. Nxe4 dxe4 29. Qe3 g6 30. Bg2 Bc6 31. Kh2 a4 32. Re1 Rxd4 33. Qxd4 Rd8 34. Qe3 Qxb2 35. Rb1 Qd4 36. Rb8 Qxe3 37. Rxd8+ Bxd8 38. Rxe3 Bb6 39. Re1 Ba5 40. Ra1 Bc3 41. Ra2 e3 42. Bf1 Bf3 43. Ra3 Bd2 44. Rxa4 e2 45. Bxe2 Bxe2 46. Rd4 Bc3 47. Rd8+ Kg7 48. Kg2 Be1 49. Rd4 Bxh4 50. c4 h6 51. gxh6+ Kxh6 52. c5 g5 53. c6 g4 54. c7 Bf3+ 55. Kg1 Bb7 56. Rb4 Bc8 57. Rb8 Ba6 58. Rh8+ Kg6 59. Rxh4 Kf5 60. Rh7 1-0